Accounting : (Record no. 159)
[ view plain ]
| 000 -LEADER | |
|---|---|
| fixed length control field | 00717cam a2200217 4500 |
| 001 - CONTROL NUMBER | |
| control field | 177 |
| 005 - DATE AND TIME OF LATEST TRANSACTION | |
| control field | 20181127160723.0 |
| 008 - FIXED-LENGTH DATA ELEMENTS--GENERAL INFORMATION | |
| fixed length control field | 060209s2007 maua b 001 0 eng |
| 010 ## - LIBRARY OF CONGRESS CONTROL NUMBER | |
| LC control number | 2006042045 |
| 020 ## - INTERNATIONAL STANDARD BOOK NUMBER | |
| International Standard Book Number | 0073100919 (alk. paper) |
| 100 1# - MAIN ENTRY--PERSONAL NAME | |
| Personal name | Anthony, Robert N. |
| Fuller form of name | (Robert Newton), |
| Dates associated with a name | 1916-2006. |
| 245 10 - TITLE STATEMENT | |
| Title | Accounting : |
| Remainder of title | text and cases / |
| Statement of responsibility, etc. | Robert N. Anthony, David F. Hawkins, Kenneth A. Merchant. |
| 250 ## - EDITION STATEMENT | |
| Edition statement | 12th ed. |
| 260 ## - PUBLICATION, DISTRIBUTION, ETC. | |
| Place of publication, distribution, etc. | New Delhi : |
| Name of publisher, distributor, etc. | Tata McGraw-Hill, |
| Date of publication, distribution, etc. | 2008. |
| 300 ## - PHYSICAL DESCRIPTION | |
| Extent | xxvi, 933 p. : |
| Other physical details | ill. ; |
| Dimensions | 27 cm. |
| 504 ## - BIBLIOGRAPHY, ETC. NOTE | |
| Bibliography, etc. note | Includes bibliographical references and indexes. |
| 650 #0 - SUBJECT ADDED ENTRY--TOPICAL TERM | |
| Topical term or geographic name entry element | Accounting |
| Form subdivision | Case studies. |
| Topical term or geographic name entry element | Accounting. |
| 700 1# - ADDED ENTRY--PERSONAL NAME | |
| Personal name | Hawkins, David F. |
| Personal name | Merchant, Kenneth A. |
| Withdrawn status | Lost status | Source of classification or shelving scheme | Damaged status | Not for loan | Collection code | Home library | Current library | Shelving location | Date acquired | Cost, normal purchase price | Serial Enumeration / chronology | Inventory number | Total Checkouts | Total Renewals | Full call number | Barcode | Date last seen | Date last checked out | Copy number | Price effective from | Koha item type | Checked out |
|---|---|---|---|---|---|---|---|---|---|---|---|---|---|---|---|---|---|---|---|---|---|---|
| Dewey Decimal Classification | Main TEST | RTC Library | RTC Library | Main opac | 05/03/2022 | 360.00 | 238 | 3 | 5 | 657.042 ANT | 30001953 | 26/08/2025 | 21/08/2025 | 1 | 27/11/2018 | Main | ||||||
| Dewey Decimal Classification | Main TEST | RTC Library | RTC Library | Main opac | 05/03/2022 | 360.00 | 237 | 3 | 657.042 ANT | 30003242 | 03/03/2026 | 03/03/2026 | 3 | 27/11/2018 | Main | 26/05/2026 | ||||||
| Dewey Decimal Classification | Fac res | RTC Library | RTC Library | Faculty reserve | 23/12/2021 | 360.00 | 236 | 657.042 ANT | 30006149 | 28/02/2022 | 4 | 27/11/2018 | Faculty Reserve | |||||||||
| Dewey Decimal Classification | Main TEST | RTC Library | RTC Library | Main opac | 01/03/2021 | 360.00 | 239 | 9 | 9 | 657.042 ANT | 30002688 | 16/06/2022 | 31/03/2022 | 2 | 27/11/2018 | Main |